<The> Econometrics of disequilibrium

Gespeichert in:
Bibliographische Detailangaben
1. Verfasser: Bowden, Roger J.
Format: Buch
Sprache:Englisch
Veröffentlicht: Amsterdam North-Holland Pub. Co. 1978
Schriftenreihe:Studies in mathematical and managerial economics vol. 26
Tags: Tag hinzufügen
Keine Tags, Fügen Sie das erste Tag hinzu!

MARC

LEADER 00000nam a2200000 4500
001 c131475
005 20181203150433.8
041 0 |a eng 
044 |a NL 
245 1 0 |a <The> Econometrics of disequilibrium  |c Roger J. Bowden 
264 1 |a Amsterdam  |b North-Holland Pub. Co.  |c 1978 
300 |a 324 s. 
490 1 |a Studies in mathematical and managerial economics  |v vol. 26 
830 0 |a Studies in mathematical and managerial economics  |v vol. 26 
100 1 |a Bowden, Roger J.